Responses for Show #4711 - Monday, February 14, 2005

2005 Ultimate Tournament of Champions Round 1, game 4.

Contestants

[<< previous game]

Janet Wong, a development officer for a museum from Hoboken, New Jersey

Alan Bailey, a playwright and director from North Hills, California

David Traini, a high school administrator from Moorestown, New Jersey

[next game >>]

Jeopardy! Round responses

NAME THAT AUTHOR
HALL OF FAMER BY POSITION
STOCK SYMBOL SHOPPING
WHAT WOULD YOU LIKE TO DRINK?
PERHAPS SOME "TEA"
A CUP OF KOFI
    $200 1
Edgar Allan Poe

Alan
    $200 21
quarterback

Alan
    $200 22
RadioShack

Alan
    $200 2
7 Up

Alan
    $200 6
Teacher

Janet
    $200 5
secretary-general

Janet
    $400 7
Willa Cather

Alan
    $400 27
(Dave: Uh, what is, uh, forward?)

center

DavidAlan
    $400 23
Bed Bath & Beyond

Alan
    $400 3
champagne

Alan
    $400 13
tease

Alan
    $400 17
Iraq

Alan
    $600 10
Walter Scott

Alan
    $600 28
pitcher

Alan
    $600 24
(Alan: What is, uh, Best Buy?)

Blockbuster

Alan
Triple Stumper
    $600 4
Guinness

Janet
    $600 14
(Dave: What is the, uh, National Education Association?)

the Teamsters

DavidAlan
    $600 18
Stanford

Janet
    $800 11
Virginia Woolf

David
    $800 29
linebacker

Triple Stumper
    $800 25
Pep Boys

Alan
    $1,200 8
cider

Alan
    $800 15
Teaneck

David
    $800 19
the World Health Organization

Triple Stumper
    $1000 12
(Vaclav) Havel

Alan
    $1000 30
(Alex: They were all [*]s. Take a number of pucks upside your head, and it forces you to change your name into something wild.)

hockey goalie

Triple Stumper
    $1000 26
Ethan Allen

Janet
    $1000 9
(Alex: Right. How did you know that? Don't answer.)
(Janet: Just a guess, lucky guess.)

sex

Janet
    $1000 16
Jack Teagarden

Triple Stumper
    $1000 20
Ghana

David

Scores at the first commercial break (after clue 16):

David Alan Janet
$1,000 $5,000 $2,000

Scores at the end of the Jeopardy! Round:

David Alan Janet
$1,600 $7,400 $3,600

Double Jeopardy! Round responses

PHILOSOPHY
MOVIE TAGLINES
AMERICAN HERSTORY
COUNTRY DISTINCTIONS
GEEK LETTER SOCIETIES
IT'S GREEK TO ME
    $400 1
ethics

David
    $400 29
Superman

Alan
    $400 20
before the Supreme Court

Janet
    $400 11
Mexico

David
    $400 15
viruses

Triple Stumper
    $400 14
a metaphor

David
    $800 2
names

Alan
    $800 30
Close Encounters of the Third Kind

Janet
    $1,200 21
(Janet: Uh, who is Florence Nightingale?)
(Alex: Oh, no... you're in the wrong country. Who was [*]? Florence Nightingale was in England.)

Clara Barton

Janet
    $800 19
India

David
    $800 25
(Alan: What are the '50s?)

the '40s

DavidAlan
    $800 13
beauty

David
    $1200 4
Rene Descartes

David
    $1200 3
Gangs of New York (The Gangs of New York accepted)

David
    $1200 22
Shirley Chisholm

David
    $1200 16
South Africa

David
    $1200 26
[Alex reads "ICGA" as "International Computer Games Association".]

chess

Alan
    $1200 12
taverna

David
    $1600 5
(David: What is deism?)

pantheism

David
Triple Stumper
    $5,000 9
(Alan: What is The Manchurian Candidate?)

Spartacus

Alan
    $1600 23
SPAR

Triple Stumper
    $1600 17
(Alan: What is Russia?)

China

DavidAlan
    $1600 27
Artificial Intelligence

Alan
    $1600 7
an amphora

David
    $2000 6
will

Triple Stumper
    $2000 10
Memento

Triple Stumper
    $2000 24
Belle Boyd

Triple Stumper
    $2000 18
Iceland

Triple Stumper
    $2000 28
open source

Janet
    $2000 8
agonistes

Alan

Scores at the end of the Double Jeopardy! Round:

David Alan Janet
$12,800 $6,000 $5,600
(lock game)

[wagering suggestions for these scores]

Final Jeopardy! Round responses

STATE SYMBOLS
(Alex: What tree produces a flavor and what state do we associate with that tree?)
...
(Alex: The sugar maple tree is the state tree, and we get maple syrup from that.)
JanetWhat is Vermont?
$400
AlanWhat is Vermont
$6,000
DavidWhat is Florida
$0
Vermont

Final scores:

David Alan Janet
$12,800 $12,000 $6,000
Winner: $15,000 + an advance to UToC Round 2 2nd place: $5,000 3rd place: $5,000

Game dynamics:

Coryat scores:

David Alan Janet
$12,800 $10,600 $6,800
16 R,
3 W
21 R
(including 1 DD),
4 W
(including 1 DD)
9 R,
1 W
(including 1 DD)

Combined Coryat: $30,200

[game clues] [game scores] [suggest correction]

Game tape date: 2005-01-31
The J! Archive is created by fans, for fans. Scraping, republication, monetization, and malicious use prohibited; this site may use cookies and collect identifying information. See terms. The Jeopardy! game show and all elements thereof, including but not limited to copyright and trademark thereto, are the property of Jeopardy Productions, Inc. and are protected under law. This website is not affiliated with, sponsored by, or operated by Jeopardy Productions, Inc. Join the discussion at JBoard.tv.